000 00603nam a2200241Ia 4500
003 OSt
005 20221005131130.0
006 a|||||r|||| 00| 0
007 ta
008 221004b |||||||| |||| 00| 0 eng d
024 _a47219
037 _cTextual
040 _aCRL
_cCRL
_beng
041 _2eng
_aeng
082 _aO111,3M19,1, 31K2
100 _aEliot Au.
_9639149
245 0 _aShailasu marner
260 _c1962
650 _a ENGLISH LITERATURE
650 _aENGLISH FICTION
942 _hO111,3M19,1, 31K2
_cTEXL
_2cc
999 _c1059429
_d1059429